000 00923nam a2200337 a 4500
003 AR-BaBNM
005 20251128205643.0
008 082120s2002 ||||||||||||||000 | spa||
020 _a84-7100-623-5
040 _cAR-BaBNM
100 1 _aSúsnik, Branislava
245 0 0 _aLos indios del Paraguay
260 _aMadrid
_bMapfre
_c1995
300 _a452 p.
_btablas, il., láms., mapas
490 0 _aIndios de América
_vv. 14
504 _aBibliografía p. 419-432
650 4 _aPERIODO HISPANICO
650 4 _aGEOGRAFIA FISICA
650 4 _aHISTORIA ECONOMICA
650 4 _aHISTORIA POLITICA
650 4 _aABORIGENES
650 4 _aABORIGENES SUDAMERICANOS
650 4 _aHISTORIA SOCIAL
650 4 _aMISIONES JESUITICAS
650 4 _aLENGUAS AMERINDIAS
651 4 _aParaguay
700 1 _aChase-Sardi, Miguel
800 1 _aGallego, José Andrés
_ecoordinador
942 _cBK
998 _cMariana
999 _c12256
_d12256